000 00699nam a2200229Ia 4500
003 OSt
005 20221005090309.0
006 a|||||r|||| 00| 0
007 ta
008 221004b |||||||| |||| 00| 0 eng d
024 _a52915
037 _cTextual
040 _aCRL
_cCRL
_beng
041 _2eng
_aeng
082 _aTn1,N78, M8
245 0 _aInternational yearbook of education and instructional technology 1988
_b Association for educational and training technology. ed by C W Osborne and Duncan Harris.
260 _aNew York
_bKogan Page
_c1988
300 _a538p.
_ccm.
650 _aEDUCATION
942 _hTn1,N78, M8
_cTEXL
_2cc
999 _c995551
_d995551